Oral and maxillofacial surgery. (Record no. 18247)
[ view plain ]
| 000 -LEADER | |
|---|---|
| fixed length control field | 01628nam a2200373 a 4500 |
| 001 - CONTROL NUMBER | |
| control field | 014834958 |
| 003 - CONTROL NUMBER IDENTIFIER | |
| control field | OSt |
| 005 - DATE AND TIME OF LATEST TRANSACTION | |
| control field | 20201203142106.0 |
| 008 - FIXED-LENGTH DATA ELEMENTS--GENERAL INFORMATION | |
| fixed length control field | 081124t2009 xxua frb 000 0 eng d |
| 020 ## - INTERNATIONAL STANDARD BOOK NUMBER | |
| International Standard Book Number | 9781416066576 (v. 1) |
| 020 ## - INTERNATIONAL STANDARD BOOK NUMBER | |
| International Standard Book Number | 1416066578 (v. 1) |
| 020 ## - INTERNATIONAL STANDARD BOOK NUMBER | |
| International Standard Book Number | 9781416066552 (v. 2) |
| 020 ## - INTERNATIONAL STANDARD BOOK NUMBER | |
| International Standard Book Number | 1416066551 (v. 2) |
| 020 ## - INTERNATIONAL STANDARD BOOK NUMBER | |
| International Standard Book Number | 9781416066569 (v. 3) |
| 020 ## - INTERNATIONAL STANDARD BOOK NUMBER | |
| International Standard Book Number | 141606656X (v. 3) |
| 040 ## - CATALOGING SOURCE | |
| Original cataloging agency | Uk |
| Language of cataloging | eng |
| Transcribing agency | Uk |
| 082 04 - DEWEY DECIMAL CLASSIFICATION NUMBER | |
| Classification number | 617.605 |
| Edition number | 22 |
| Item number | ORA |
| 245 00 - TITLE STATEMENT | |
| Title | Oral and maxillofacial surgery. |
| 250 ## - EDITION STATEMENT | |
| Edition statement | 2nd ed. |
| 260 ## - PUBLICATION, DISTRIBUTION, ETC. (IMPRINT) | |
| Place of publication, distribution, etc | St. Louis, United States : |
| Name of publisher, distributor, etc | Saunders Elsevier, |
| Date of publication, distribution, etc | c.2009. |
| 300 ## - PHYSICAL DESCRIPTION | |
| Extent | 3 v. : |
| Other physical details | ill. (col.) ; |
| Dimensions | 29 cm. |
| 500 ## - GENERAL NOTE | |
| General note | Includes indexes. |
| 504 ## - BIBLIOGRAPHY, ETC. NOTE | |
| Bibliography, etc | Includes bibliographical references. |
| 505 0# - FORMATTED CONTENTS NOTE | |
| Formatted contents note | v. 1. Anesthesia and pain control, dentoalveolar surgery, practice management implant surgery / volume editor, Raymond J. Fonseca ; section editors, H. Dexter Barber, John D. Matheson -- v. 2. Trauma, surgical pathology, temporomandibular disorders / volume editor, Robert D. Marciani ; section editors, Eric R. Carlson, Thomas W. Braun -- v. 3. Orthognathic surgery, esthetic surgery, cleft and craniofacial surgery / volume editor, Timothy A. Turvey ; section editors, J. Robert Scully, Peter D. Waite, Bernard J. Costello, Ramon L. Ruiz. |
| 650 #0 - SUBJECT ADDED ENTRY--TOPICAL TERM | |
| Topical term or geographic name as entry element | Mouth |
| General subdivision | Surgery |
| 9 (RLIN) | 35958 |
| Source of heading or term | BUEsh |
| 650 #0 - SUBJECT ADDED ENTRY--TOPICAL TERM | |
| Topical term or geographic name as entry element | Face |
| General subdivision | Surgery |
| 9 (RLIN) | 35960 |
| Source of heading or term | BUEsh |
| 650 #0 - SUBJECT ADDED ENTRY--TOPICAL TERM | |
| 9 (RLIN) | 35959 |
| Topical term or geographic name as entry element | Maxilla |
| General subdivision | Surgery |
| Source of heading or term | BUEsh |
| 651 ## - SUBJECT ADDED ENTRY--GEOGRAPHIC NAME | |
| Source of heading or term | BUEsh |
| 653 ## - INDEX TERM--UNCONTROLLED | |
| Arrived date list | May2014 |
| 700 1# - ADDED ENTRY--PERSONAL NAME | |
| Personal name | Fonseca, Raymond J. |
| 9 (RLIN) | 35955 |
| 700 1# - ADDED ENTRY--PERSONAL NAME | |
| Personal name | Marciani, Robert D. |
| 9 (RLIN) | 35956 |
| 700 1# - ADDED ENTRY--PERSONAL NAME | |
| Personal name | Turvey, Timothy A. |
| 9 (RLIN) | 35957 |
| 942 ## - ADDED ENTRY ELEMENTS (KOHA) | |
| Source of classification or shelving scheme | Dewey Decimal Classification |
| Call number prefix | 617.52059 ORA |
| Withdrawn status | Item status | Source of classification or shelving scheme | Damaged status | Not for loan | Vendor | Home library | Current library | Shelving location | Date acquired | Source of acquisition | Cost, normal purchase price | Total Checkouts | Full call number | Barcode | Date last seen | Cost, replacement price | Koha item type | Public note |
|---|---|---|---|---|---|---|---|---|---|---|---|---|---|---|---|---|---|---|
| Dewey Decimal Classification | Baccah | Central Library | Central Library | Ground Floor | 04/05/2014 | 4400.00 | 617.605 ORA | 000035933 | 15/07/2025 | 5500.00 | Reference (NB) | Vol.1 | ||||||
| Dewey Decimal Classification | Baccah | Central Library | Central Library | Ground Floor | 04/05/2014 | 4400.00 | 617.605 ORA | 000035934 | 15/07/2025 | 5500.00 | Reference (NB) | Vol.2 | ||||||
| Dewey Decimal Classification | Baccah | Central Library | Central Library | Ground Floor | 04/05/2014 | 4400.00 | 617.605 ORA | 000035935 | 15/07/2025 | 5500.00 | Reference (NB) | Vol.3 |